<?xml version="1.0" encoding="UTF-8"?>
<marc:record xmlns:marc="http://www.loc.gov/MARC21/slim">
   <marc:leader>00000nam a2200000 a 4500</marc:leader>
   <marc:datafield ind1="1" ind2=" " tag="100">
      <marc:subfield code="a">Janosch</marc:subfield>
      <marc:subfield code="4">aut</marc:subfield>
      <marc:subfield code="e">Verfasser/-in</marc:subfield>
   </marc:datafield>
   <marc:datafield ind1="0" ind2="0" tag="245">
      <marc:subfield code="a">Als Tiger und Bär beinahe das Beste verpassten</marc:subfield>
   </marc:datafield>
   <marc:datafield ind1="0" ind2="0" tag="245">
      <marc:subfield code="b">; Nach einer Figurenwelt von Janosch</marc:subfield>
   </marc:datafield>
   <marc:datafield ind1=" " ind2="1" tag="264">
      <marc:subfield code="b">Oetingen Media GmbH</marc:subfield>
      <marc:subfield code="c">2020</marc:subfield>
   </marc:datafield>
   <marc:datafield ind1="1" ind2=" " tag="520">
      <marc:subfield code="a">Die Nachrichtenmaschine - Tiger und Bär bauen sie sich eine Nachrichtenmaschine, um ihren Freunden den ganzen Tag schreiben zu können und nichts mehr zu verpassen. Das Beste verpassen - Sie müssen nun gar nicht mehr rausgehen, um sich zu treffen. Da kann man ja nie mehr was verpassen! Oder verpassen sie vielleicht sogar das Beste?</marc:subfield>
   </marc:datafield>
</marc:record>
